| 000 | 00721nam a22002057a 4500 | ||
|---|---|---|---|
| 005 | 20240809125139.0 | ||
| 010 | _aENG-132389 ENG-141310 | ||
| 020 |
_a9789380574141 _c2000.00 |
||
| 035 | _aEN-115921 | ||
| 035 | _aEN-124842 | ||
| 037 | _bDBAD | ||
| 082 | _a304.620954 | ||
| 245 |
_aPopulation Dynamics and Human Development: _bOpportunities and Challenges/ _cEdited by T. Lakshmanasamy |
||
| 260 |
_aDelhi _bBookwell _c2010 |
||
| 270 |
_a3/79, Nirankari Colony _bDelhi _e110009 _k91-11-27601283 _l91-11-23281315 _mbkwell@nde.vsnl.net.in |
||
| 300 |
_axxiii, 591p. _bReferences _c24cm(hbk) |
||
| 490 | _vVOL 1, VOL 2 | ||
| 700 |
_aLakshmanasamy, T. _eEditor _969822 |
||
| 942 |
_2ddc _cEN _h304.620954 _mPOP |
||
| 999 |
_c187599 _d187599 |
||